Qui a dit ? Rap Francophone#4 - Statistiques

Statistiques générales
  • Ce quiz a été pris 23 fois
  • Le résultat moyen est 3 sur 20
Statistiques - réponses
Paroles Artistes % Correct
"Papa n'a eu qu'un fils (Qu'un fils), il a fallu qu'il créé (Qu'il créé) J'ai eu un meilleur pote, mais bon, lui il a fallu qu'il crève" Khali
37%
"Posé dès l'matin en bar-tabac (Ouais), toi, t'es un clébard, t'aboies Moi, j'dois aller voir papa mais y a les képis qui m'embarquent là-bas" Lesram
37%
"Pare-balles est le gilet, j'y vais, mode guerre activé Ils parlent de ce qu'ils n'ont jamais touché, dealé J'fais qué-cro les filons même s'ils pensent m'enculer Le regard en dit long, personne va s'en tirer" Guy2Bezbar
32%
"P'tite téquila, vodka, rhum, all night long, j'suis sous Long Island, en Cali', en Hollande Dans des brunes et des blondes, j'suis l'bonbon à la menthe qui vient fondre sous leurs langues" Jok'Air
26%
"J'rêve pas d'vivre en Amérique On s'ra liés avant la mairie Et d'puis qu'le poto il est dead J'comprends c'est quoi la vraie vie" winnterzuko
26%
"Y a des rappeurs qui m'disent : "J'aime bien c'que tu fais", j'fais semblant qu'c'est réciproque Mais pourquoi tu bombes le torse comme le chevalier qui a r'tiré l'épée du sol ?" ISHA
21%
"Les nuagеs dans le ghetto m'font oublier l'été, capuché parce que j'avais froid quand j'y étais Toutes ces fois où j'sortais, où ma mère s'inquiétait parce qu'on est criminel dans les yeux de la société" Zamdane
21%
"J'dis à ma mère que j'l'aime, elle m'répond "Moi encore plus"
J'lui dis qu'j'suis triste, elle m'répond "Moi encore pire"
Asinine
16%
J'lève les yeuz, j'entends l'bon Dieu à travers l'bruit du vent Et toi, est ce que t'entends mes cris, meurtris, qui sortent du ventre ?" B.B. Jacques
16%
"J'fume ma Critical, chat Bengal, j'casse, j'compte mon gain Venant des critiqueurs que j'aime pas, dégage, tu veux mon pain" Zed
16%
"Quelques minutes, quelques battements dans la poitrine Elle m'aime, j′ai pas un centime, première fois que j′ressens des sentiments" 808NOCHE
11%
"Ils ont glissé, c'qu'ils ont bu vont bientôt pisser
Mickey et Disney (Hey)
J'aiguisais et je visais pendant qu'ils essayaient d'chromer l'épicier"
Kekra
11%
"Tu veux partir pour aller où ? Ici ou là-bas, c'est nous Si un jour, tu me vois du mêmе œil que j'ai, moi Tu sauras c'que c'est, l'dégoût ('goût,)" Django
5%
"Je sais c'que c'est quand les problèmes prennent la place
Je sais c'que c'est quand tu vois plus rien devant la glace
Nan, nan, jamais j'vais perdre la face
J'aurais toujours la musique comme carapace"
Georgio
5%
"Mes frères bougent pas d'en bas d'chez oi-m
J'peux pas bouger sans eux
S'lever pour 1400 eu
Moi aussi j'revendrais la came"
Karmen
5%
"Y a plus grand chose qui me fait saliver À l'horizontal est le sablier J'essaye de faire en sorte que les planètes s’alignent Pendant qu'elle parle de sa ligne" nelick
5%
"J'avais pas compris c'est une bonne actrice Tu manges le sang ? C'est un amour factice" Romsii
5%
"Si t'es ici ou là, moi, j'suis là-bas, j'suis sur l'galion, va t'noyer sur la barque (noyer sur la barque) Tout l'amour est sur madame, on a fait c'qu'il fallait pour fuir la dalle" Sopico
5%
"L'explosion c'est la bombe, notre amour c'est la flamme Mais dis pas que t'es là pour moi si dans tes rêves c'est la fin" Yuzmv
5%
"La moula s'accumule, les soucis s'accumulent grave (Let's go) Je rêve d'un Urus, pour ça que tard la nuit j'taffe (Tard la nuit j'taffe)" Yvnnis
5%
Aucun quiz correspondant
Distribution des résultats
% des personnes avec chaque résultat
Percentile par nombre de réponses
Votre historique - résultats
Vous n’avez pas pris ce quiz